| 000 | 01097cab a22002055a 4500 | ||
|---|---|---|---|
| 001 | L141474 | ||
| 008 | 071127e20071027xxk f 000 0 eng d | ||
| 035 | _a(Sirsi) u141474 | ||
| 041 | 0 | _aeng | |
| 100 | 1 | _aEdwards, Simon | |
| 245 | 0 | 0 | _aCounting the cost of conversions |
| 260 | _c2007 | ||
| 490 | 0 |
_aEstates Gazette _v(0743) 27 October 2007, 195(1) |
|
| 520 | _aWith many 1970s and 1980s office buildings now obsolete and a growing trend for these to be converted into hotel or residential premises, this article considers how this affects a tenant's liability. The combination of obsolescence and a shift in values has affected the exit costs of former tenants. Looks at the principle of supersession in cases where a landlord confirms the premises will be converted to an alternative use, and explains how tenants can rely on the Landlord and Tenant Act 1927 s18 to have their liability substantially reduced. | ||
| 590 | _aKA | ||
| 650 | 2 | 4 | _aLANDLORD AND TENANT ACT 1927 S18 |
| 651 | 4 |
_aEngland and Wales _y1543- |
|
| 690 | _aPROPERTY-LANDLORD AND TENANT-DILAPIDATIONS | ||
| 942 | _n0 | ||
| 999 |
_c79502 _d79502 |
||